• 首页
  • 本馆介绍
  • 公告通知
  • 最新文献
  • 馆藏检索
  • 电子资源
  • 读者导购
  • 参考咨询
  • 我的图书馆
  • 登录
  • 详细信息显示
  • 放入我的书架
  • 预约/预借图书
  • 作者相关作品
  • 分类相关作品
  • 丛书相关作品
  • 出版社相关作品

书目信息

  • 表格格式
  • 工作单格式
  • 卡片格式
题名:
金融危机救助
    
 
作者: 张荔 , 罗春婵 , 孙颖 著
分册:  
出版信息: 北京   中国金融出版社  2011.7
页数: 277页
开本: 24cm
丛书名: 金融发展理论前沿丛书
单 册:
中图分类: F830.99
科图分类:
主题词: 金融危机--研究 , 金融危机
电子资源:
ISBN: 978-7-5049-5955-3
000 01504oam2 2200313 45
001 516
005 20120531161904.32
010    @a978-7-5049-5955-3@dCNY36.00
100    @a20120328d2011 em y0chiy50 ea
101 0  @achi
102    @aCN@b110000
105    @ay z 000yy
106    @ar
200 1  @a金融危机救助@AJin Rong Wei Ji Jiu Zhu@e理论与经验@ELi Lun Yu Jing Yan@f张荔,罗春婵,孙颖著@FZhang Li, Luo Chun Chan, Sun Ying Zhu
210    @a北京@c中国金融出版社@d2011.7
215    @a277页@d24cm
225 2  @a金融发展理论前沿丛书
300    @a辽宁大学“211工程三期”金融学科标志性成果 辽宁省教育厅人文社科基地重点研究项目
330    @a本书从理论和实践两个方面,围绕历史与现实两条主线,对金融危机救助中面临的新问题、新方法进行了阐述,不仅对金融危机救助的内涵进行界定,也对危机救助的主体和客体进行扩展,不仅基于不同的经济、金融理论对危机救助进行理论分析,也对历次危机救助实践加以总结和归纳;不仅对危机救助的新形式——国际联合救助进行研究,对联合救助机制的建立和效率的改进进行思考,也对危机救助的成本与收益进行分析,对危机救助的道德风险及其防范问题进行探讨,以期搭建起金融危机救助系统研究的框架。
461  0 @12001 @a金融发展理论前沿丛书
517 1  @a理论与经验@ALi Lun Yu Jing Yan
606 0  @a金融危机@x研究
606 0  @a金融危机
690    @aF830.99@v4
701  0 @a张荔@AZhang Li@c(女,@f1964.3~)@4著
701  0 @a罗春婵@ALuo Chun Chan@c(女,@f1982~)@4著
701  0 @a孙颖@ASun Ying@c(女, 经济学)@4著
801  0 @aCN@bTSTCL@c20120328
905    @b0813622-28@dF830.99@e208@f7
    
    金融危机救助:理论与经验/张荔,罗春婵,孙颖著.-北京:中国金融出版社,2011.7
    277页;24cm.-(金融发展理论前沿丛书)
    辽宁大学“211工程三期”金融学科标志性成果 辽宁省教育厅人文社科基地重点研究项目
    
    ISBN 978-7-5049-5955-3:CNY36.00
    本书从理论和实践两个方面,围绕历史与现实两条主线,对金融危机救助中面临的新问题、新方法进行了阐述,不仅对金融危机救助的内涵进行界定,也对危机救助的主体和客体进行扩展,不仅基于不同的经济、金融理论对危机救助进行理论分析,也对历次危机救助实践加以总结和归纳;不仅对危机救助的新形式——国际联合救助进行研究,对联合救助机制的建立和效率的改进进行思考,也对危机救助的成本与收益进行分析,对危机救助的道德风险及其防范问题进行探讨,以期搭建起金融危机救助系统研究的框架。
●
相关链接 在E读中查询图书 在五车中查询图书 在当当中查询图书 在豆瓣中查询图书


正题名:金融危机救助     索取号:F830.99/208         预约/预借

序号 登录号 条形码 馆藏地/架位号 状态 备注
1 0813622   208136220   第一样本阅览室/ [索取号:F830.99/208] 在馆    
2 0813623   208136239   第一借阅区/ [索取号:F830.99/208] 在馆    
3 0813624   208136248   第一借阅区/ [索取号:F830.99/208] 在馆    
4 0813625   208136257   第一借阅区/ [索取号:F830.99/208] 在馆    
5 0813626   208136266   第一借阅区/ [索取号:F830.99/208] 在馆    
6 0813627   208136275   第一借阅区/ [索取号:F830.99/208] 在馆    
7 0813628   208136284   第一借阅区/ [索取号:F830.99/208] 在馆    
唐山师范学院图书馆 欢迎您!
大连网信软件有限公司© 版权所有